| 000 | 01458nam a2200373 i 4500 | ||
|---|---|---|---|
| 003 | EG-GICUC | ||
| 005 | 20260425190938.0 | ||
| 008 | 260419s1976 rm ||||fr|||| 00| 0 rom d | ||
| 040 |
_aEG-GiCUC _brum _cEG-GiCUC _dEG-GiCUC _eRda |
||
| 041 | 0 | _arum | |
| 082 | 0 | 4 |
_221 _a343.315 _bDO . E |
| 092 | 0 | 4 | _221 |
| 099 | _aLaw1 10 343.315 DO . E 1976 | ||
| 100 | 1 |
_aDongoroz, Vintilă _eAuthor. |
|
| 245 | 1 | 0 |
_aExplicații teoretice ale Codului de procedură penală român . _pPartea specială. _nVol. II / _bde Vintilă Dongoroz |
| 264 | 1 |
_aBucurești : _bEditura Academiei Republicii Socialiste România, _c1976. |
|
| 300 |
_a438 page ; _c 24 cm. |
||
| 336 |
_2rda contenu _a texte |
||
| 337 |
_2rda medias _aOrdinateur |
||
| 338 |
_2 transporteur rda _a Ressource en ligne |
||
| 500 | _aPublished under the auspices of the Institute of Legal Research. Contains theoretical explanations of the special part of the Romanian Code of Criminal Procedure. | ||
| 504 | _aComprend des références bibliographiques et un index. | ||
| 546 | _aText in Romanian | ||
| 650 | 1 | 4 |
_aProcedură penală _2qrmak |
| 651 | 1 | _2qrmak | |
| 700 | 1 |
_aKahane, Siegfried _eCo-Auteur |
|
| 700 | 1 |
_aAntoniu, George _eCo-Auteur |
|
| 700 | 1 |
_aBulai, Constantin _eCo-Auteur |
|
| 700 | 1 |
_aIliescu, Nicoleta _eCo-Auteur |
|
| 700 | 1 |
_aStănoiu, Rodica _eCo-Auteur |
|
| 856 | 4 | 0 | _uhttps://fll.law.cu.edu.eg/fulltext/bks/B10-09134.pdf |
| 905 | _a74 | ||
| 942 |
_2ddc _n0 _cBK _e21 |
||
| 999 |
_c72046 _d72046 |
||